00643nam a22001697a 4500003000900000008004100009040007100050082002300121100002600144245009700170260006000267300002700327505003700354650003400391650002300425650002500448AR-CdUCM190405b ||||| |||| 00| 0 spa d aMUNICIPALIDAD PROVINCIAL DEL CUSCOcBIBLIOTECA MUNICIPAL DEL CUSCO aC / 869.53 / bC35 aCastro Loayza, Arturo aPoesía quechua :bcapítulo del libro intitulado Itinerario de la poesía en el Perú / aCusco :bEdiciones Grupo Tradición del Perú,c1953. a31 páginas ;c24 cm. aContenido: Poesías en Quechua. aPoesía peruana (Indígena) aLiteratura Peruana aHistoria y crítica